Identify the Language Quiz Stats

 Plays Quiz not verified by Sporcle

Also try: Silent Letters A-Z
Challenge
Share
Tweet
Embed
Score 0/9 Timer 05:00
0 Plays Today
Translation Language % Correct
Lassen Sie es schneienGerman
90.1%
Il permettre de neigerFrench
77.6%
Permítale nevarSpanish (Latin American)
72.5%
Lasciarlo nevicaItalian
72.4%
Niechże śnieguPolish
69.4%
Anna sataa luntaFinnish
56.7%
Lad det sneDanish
50.5%
Nechte sníhCzech
38.7%
Lasa sa ningaRomanian
28.7%

You're not logged in!

Compare scores with friends on all Sporcle quizzes.
Join for Free
OR
Log In

You Might Also Like...

Show Comments

Extras

Created Dec 20, 2009ReportNominate
Tags:Translation Quiz, identify

Top Quizzes Today


Score Distribution

Your Account Isn't Verified!

In order to create a playlist on Sporcle, you need to verify the email address you used during registration. Go to your Sporcle Settings to finish the process.

Report this User

Report this user for behavior that violates our Community Guidelines.

Details: